000 00748nam a2200205Ia 4500
003 GCL
008 140319s9999 xx 000 0 ara d
040 _aGCL /
_cGCL
082 0 4 _a781.1
_bع س
100 1 _aعبدالمجيد عبدالمجيد مرهون
245 1 0 _aالاسس المنهجية لدراسة نظرية الموسيقى (الجزء الاول) /
_cعبدالمجيد عبدالمجيد مرهون
300 _a239 ص
490 _aالهيئة العامة للاستعلامات
_v0
650 0 4 _aالموسيقى
650 0 4 _aالسلم الموسيقى
650 0 4 _aالنظريات الموسيقية
650 0 4 _aالنغمات الموسيقية
650 0 4 _aالقالب الموسيقى
942 _2ddc
_cBK
999 _c48471
_d48471